| 000 | 00369nam a2200121Ia 4500 | ||
|---|---|---|---|
| 008 | 220615s9999||||xx |||||||||||||| ||und|| | ||
| 100 | _aAxler, Sheldon | ||
| 245 | 0 | _aMeasure, Integration & Real Analysis | |
| 546 | _aEnglish[eng] | ||
| 650 | _aMathematics||Measure theory | ||
| 856 | _uhttps://library.oapen.org/bitstream/20.500.12657/23111/1/1007045.pdf | ||
| 942 | _cEB | ||
| 999 |
_c13483 _d13483 |
||